| 000 | 00456nam a2200157Ia 4500 | ||
|---|---|---|---|
| 999 |
_c24379 _d24379 |
||
| 003 | OSt | ||
| 005 | 20200706131424.0 | ||
| 008 | 190216s9999||||xx |||||||||||||| ||und|| | ||
| 040 | _coclc | ||
| 082 |
_a914.7 _bMEN/R |
||
| 100 |
_aMenon, K P Sankara _91821 |
||
| 245 | 0 |
_aRussian Panorama / _c K P Sankara Menon |
|
| 260 |
_bC I C C Book House, _c1962. _aEranamkulam: |
||
| 300 | _a284p | ||
| 942 |
_cBK _2ddc _h914.7 _iMEN/R _k914.7 _mMEN/R |
||